<?xml version="1.0" encoding="UTF-8"?>
<record
    xmlns:xsi="http://www.w3.org/2001/XMLSchema-instance"
    xsi:schemaLocation="http://www.loc.gov/MARC21/slim http://www.loc.gov/standards/marcxml/schema/MARC21slim.xsd"
    xmlns="http://www.loc.gov/MARC21/slim">

  <leader>03578njm a2200469Ia 4500</leader>
  <controlfield tag="001">90301</controlfield>
  <controlfield tag="003">IT-RoPAU</controlfield>
  <controlfield tag="005">20220918181125.0</controlfield>
  <controlfield tag="008">131025s9999    xx            000 0 und d</controlfield>
  <datafield tag="040" ind1=" " ind2=" ">
    <subfield code="a">IT-RoPAU</subfield>
  </datafield>
  <datafield tag="040" ind1=" " ind2=" ">
    <subfield code="c">IT-RoPAU</subfield>
  </datafield>
  <datafield tag="041" ind1=" " ind2=" ">
    <subfield code="a">ITALIANO</subfield>
  </datafield>
  <datafield tag="999" ind1=" " ind2=" ">
    <subfield code="c">100123</subfield>
    <subfield code="d">100123</subfield>
  </datafield>
  <datafield tag="999" ind1=" " ind2=" ">
    <subfield code="b">n.d.</subfield>
  </datafield>
  <datafield tag="100" ind1=" " ind2=" ">
    <subfield code="a">AA.VV.</subfield>
    <subfield code="9">794</subfield>
  </datafield>
  <datafield tag="100" ind1=" " ind2=" ">
    <subfield code="e">Autore musica</subfield>
    <subfield code="9">27126</subfield>
  </datafield>
  <datafield tag="100" ind1=" " ind2=" ">
    <subfield code="g">Codice autore musica SPICS: 12000</subfield>
    <subfield code="9">796</subfield>
  </datafield>
  <datafield tag="245" ind1=" " ind2=" ">
    <subfield code="a">Topazio e le altre...</subfield>
  </datafield>
  <datafield tag="250" ind1=" " ind2=" ">
    <subfield code="a">1a ed.</subfield>
  </datafield>
  <datafield tag="260" ind1=" " ind2=" ">
    <subfield code="a">MILANO</subfield>
  </datafield>
  <datafield tag="260" ind1=" " ind2=" ">
    <subfield code="b">FIVE RECORD</subfield>
    <subfield code="c">1990 [1a Ed.:1990 - Ed. Lingua Orig.: 1990]</subfield>
  </datafield>
  <datafield tag="300" ind1=" " ind2=" ">
    <subfield code="a">DISCO</subfield>
  </datafield>
  <datafield tag="300" ind1=" " ind2=" ">
    <subfield code="c">45 minuti (Testo: 0 pag.)</subfield>
  </datafield>
  <datafield tag="500" ind1=" " ind2=" ">
    <subfield code="a">Colonna sonora. Sigle e temi d'amore delle pi&#xF9; belle telenovelas</subfield>
  </datafield>
  <datafield tag="505" ind1=" " ind2=" ">
    <subfield code="a">Piccola e fragile [(Drupi) (sigla della telenovela Topazio) (5:00)] - Topazio Love's Theme [(Cipriani Stelvio) (sigla della telenovela Topazio) (4:00)] - Jolanda [(Cipriani Stelvio) (sigla della telenovela Jolanda) (4:00)] - Doctor Sandoval [(Cipriani Stelvio) (sigla della telenovela Doctor Sandoval) (4:00)] - General Hospital [(Martelli Augusto) (sigla dello sceneggiato televisivo General Hospital) (2:00)] - If You Don't Know Me By Now [(Absolute Blue) (sigla dello sceneggiato televisivo La valle dei pini) (6:00)] - This Is the Time [(Cuccarini Lorella) (sigla dello sceneggiato televisivo Sentieri) (5:00)] - Song of Chelsea [(Masarati Davide) (sigla dello sceneggiato televisivo Sentieri) (3:00)] - Reva's Theme [(Masarati Davide) (sigla dello sceneggiato televisivo Sentieri) (2:00)] - Un angelo blu [(Vandelli Maurizio) (sigla della telenovela Veronica il volto dell'amore) (3:00)] - Your Cowboy [(Trombetti Giovanni) (sigla della telenovela Una vita da vivere) (3:00)] - What Am I Gonna Do [(Wesley Linda) (sigla della telenovela Febbre d'amore) (5:00)]</subfield>
  </datafield>
  <datafield tag="650" ind1=" " ind2=" ">
    <subfield code="a">COLONNA SONORA [DISCHI]</subfield>
    <subfield code="e">Codice MATERIA SPICS: 9950</subfield>
    <subfield code="9">27127</subfield>
  </datafield>
  <datafield tag="700" ind1=" " ind2=" ">
    <subfield code="a">Riccardi Enrico</subfield>
    <subfield code="d">Codice autore musica SPICS: 14331</subfield>
    <subfield code="e">Autore musica</subfield>
    <subfield code="p">Piccola e fragile</subfield>
    <subfield code="9">27128</subfield>
  </datafield>
  <datafield tag="700" ind1=" " ind2=" ">
    <subfield code="a">Albertelli Luigi</subfield>
    <subfield code="d">Codice autore SPICS: 14330</subfield>
    <subfield code="e">Autore</subfield>
    <subfield code="p">Piccola e fragile</subfield>
    <subfield code="9">27129</subfield>
  </datafield>
  <datafield tag="700" ind1=" " ind2=" ">
    <subfield code="a">Cipriani Stelvio</subfield>
    <subfield code="d">Codice autore musica SPICS: 10828</subfield>
    <subfield code="e">Autore musica</subfield>
    <subfield code="p">Topazio Love's Theme - Jolanda - Doctor Sandoval</subfield>
    <subfield code="9">27130</subfield>
  </datafield>
  <datafield tag="700" ind1=" " ind2=" ">
    <subfield code="a">Martelli Augusto</subfield>
    <subfield code="d">Codice autore testo/musica SPICS: 11006</subfield>
    <subfield code="e">Autore testo/musica</subfield>
    <subfield code="p">General Hospital</subfield>
    <subfield code="9">27131</subfield>
  </datafield>
  <datafield tag="700" ind1=" " ind2=" ">
    <subfield code="a">Gamble K.</subfield>
    <subfield code="d">Codice autore musica SPICS: 27021</subfield>
    <subfield code="e">Autore musica</subfield>
    <subfield code="p">If You Don't Know Me By Now</subfield>
    <subfield code="9">27132</subfield>
  </datafield>
  <datafield tag="700" ind1=" " ind2=" ">
    <subfield code="a">Huff L.</subfield>
    <subfield code="d">Codice autore testo/musica SPICS: 27022</subfield>
    <subfield code="e">Autore testo/musica</subfield>
    <subfield code="p">If You Don't Know Me By Now</subfield>
    <subfield code="9">27133</subfield>
  </datafield>
  <datafield tag="700" ind1=" " ind2=" ">
    <subfield code="a">Joel Bill</subfield>
    <subfield code="d">Codice autore testo/musica SPICS: 28371</subfield>
    <subfield code="e">Autore testo/musica</subfield>
    <subfield code="p">This Is the Time</subfield>
    <subfield code="9">27134</subfield>
  </datafield>
  <datafield tag="700" ind1=" " ind2=" ">
    <subfield code="a">Masarati Davide</subfield>
    <subfield code="d">Codice autore testo/musica SPICS: 32238</subfield>
    <subfield code="e">Autore testo/musica</subfield>
    <subfield code="p">Song of Chelsea - Reva's Theme</subfield>
    <subfield code="9">27135</subfield>
  </datafield>
  <datafield tag="700" ind1=" " ind2=" ">
    <subfield code="a">Dello</subfield>
    <subfield code="d">Codice autore musica SPICS: 32239</subfield>
    <subfield code="e">Autore musica</subfield>
    <subfield code="p">Un angelo blu</subfield>
    <subfield code="9">27136</subfield>
  </datafield>
  <datafield tag="700" ind1=" " ind2=" ">
    <subfield code="a">Mogol (Rapetti Giulio)</subfield>
    <subfield code="d">Codice autore testo/musica SPICS: 13643</subfield>
    <subfield code="e">Autore testo/musica</subfield>
    <subfield code="p">Un angelo blu</subfield>
    <subfield code="9">27137</subfield>
  </datafield>
  <datafield tag="700" ind1=" " ind2=" ">
    <subfield code="a">Silvi (Musitelli) Lilia (Silvana)</subfield>
    <subfield code="d">Codice autore musica SPICS: 13529</subfield>
    <subfield code="e">Autore musica</subfield>
    <subfield code="p">Your Cowboy</subfield>
    <subfield code="9">27138</subfield>
  </datafield>
  <datafield tag="700" ind1=" " ind2=" ">
    <subfield code="a">Trombetti Giovanni</subfield>
    <subfield code="d">Codice autore testo/musica SPICS: 18908</subfield>
    <subfield code="e">Autore testo/musica</subfield>
    <subfield code="p">Your Cowboy</subfield>
    <subfield code="9">27139</subfield>
  </datafield>
  <datafield tag="700" ind1=" " ind2=" ">
    <subfield code="a">Wesley Linda</subfield>
    <subfield code="d">Codice autore musica SPICS: 32242</subfield>
    <subfield code="e">Autore musica</subfield>
    <subfield code="p">What Am I Gonna Do</subfield>
    <subfield code="9">27140</subfield>
  </datafield>
  <datafield tag="700" ind1=" " ind2=" ">
    <subfield code="a">Cenci</subfield>
    <subfield code="d">Codice autore SPICS: 32240</subfield>
    <subfield code="e">Autore</subfield>
    <subfield code="p">What Am I Gonna Do</subfield>
    <subfield code="9">27141</subfield>
  </datafield>
  <datafield tag="700" ind1=" " ind2=" ">
    <subfield code="a">Vicino</subfield>
    <subfield code="d">Codice autore testo/musica SPICS: 32241</subfield>
    <subfield code="e">Autore testo/musica</subfield>
    <subfield code="p">What Am I Gonna Do</subfield>
    <subfield code="9">27142</subfield>
  </datafield>
  <datafield tag="942" ind1=" " ind2=" ">
    <subfield code="c">MD</subfield>
    <subfield code="2">ddc</subfield>
  </datafield>
  <datafield tag="952" ind1=" " ind2=" ">
    <subfield code="0">0</subfield>
    <subfield code="1">0</subfield>
    <subfield code="4">0</subfield>
    <subfield code="6">90301_000000000000000</subfield>
    <subfield code="7">1</subfield>
    <subfield code="a">SPICS</subfield>
    <subfield code="b">SPICS</subfield>
    <subfield code="d">2013-10-25</subfield>
    <subfield code="l">0</subfield>
    <subfield code="o">90301</subfield>
    <subfield code="r">2013-10-25 00:00:00</subfield>
    <subfield code="w">2013-10-25</subfield>
    <subfield code="y">MD</subfield>
    <subfield code="z">Progr. Ins.: 21711 / N.Vol.: 1 / Copie: 1 - Copia rara: n.d. / date import: 01.01.2014 - By Epidotti, Trombetti, Vaglietti</subfield>
  </datafield>
</record>
